[Event "WYg18"]
[Site "Kemer TUR"]
[Date "2007.11.24"]
[Round "7"]
[White "Kalnina,M"]
[Black "Fan Yun"]
[Result "0-1"]
[WhiteElo "2004"]
[BlackElo "1862"]

1.Nf3 d5 2.g3 Nf6 3.Bg2 c5 4.d3 Nc6 5.Nbd2 e6 6.O-O Be7 7.e4 Qc7 8.Re1 O-O
9.c3 b5 10.e5 Nd7 11.d4 cxd4 12.cxd4 Nb4 13.Re2 Qc2 14.Qxc2 Nxc2 15.Rb1 Ba6
16.Nb3 Rfc8 17.Bg5 Bf8 18.Rc1 Nb4 19.a3 Nd3 20.Rd1 b4 21.Red2 bxa3 22.bxa3 Rc3
23.Bf1 Rxb3 24.Bxd3 Bxd3 25.Rxd3 Rxa3 26.Rxa3 Bxa3 27.Ra1 Bf8 28.Bd2 Nb6
29.Ra6 Be7 30.Ne1 Nc4 31.Bc3 Bd8 32.Nd3 Bb6 33.Nc5 Nxe5 34.Na4 Bxd4 35.Bxd4 Nf3+
36.Kg2 Nxd4 37.Nb6 Rd8 38.Rxa7 f6 39.Nd7 e5 40.h3 Ne6 41.Nb6 d4 42.Nc4 Nc5
43.Nd2 d3 44.f3 Kf8 45.Kf2 f5 46.Ke3 h6 47.Ra5 Rd5 48.f4 e4 49.g4 g6 50.gxf5 gxf5  0-1

[Event "WYb14"]
[Site "Kemer TUR"]
[Date "2007.11.24"]
[Round "7"]
[White "Zhou,Y"]
[Black "Van Kampen,R"]
[Result "0-1"]
[WhiteElo "2068"]
[BlackElo "2033"]

1.Nf3 d5 2.g3 c6 3.Bg2 Bg4 4.O-O Nd7 5.d3 e6 6.h3 Bh5 7.Nbd2 Bd6 8.Re1 Ne7
9.b3 O-O 10.Bb2 f5 11.Ng5 Bf7 12.Ndf3 h6 13.Nxf7 Rxf7 14.e4 fxe4 15.dxe4 Qb8
16.exd5 exd5 17.Bd4 Qc7 18.Qd2 Raf8 19.Qc3 c5 20.Ne5 Qd8 21.Nxf7 Rxf7 22.Rxe7 Rxe7
23.Bxd5+ Kh8 24.Bxg7+ Rxg7 25.Re1 Nf6 26.Bg2 Ng8 27.Re6 Qd7 28.Rg6 Bf8 29.h4 b6
30.Be4 Qd4 31.Qf3 Rxg6 32.Bxg6 Qf6 33.Qxf6+ Nxf6 34.Kg2 Kg7 35.h5 Bd6 36.f4 Nd5
37.Kf3 Kf6 38.a4 Ne7 39.Be4 Bc7 40.c3 Nc8 41.Bd5 Ne7 42.Be4 Bd8 43.Bb7 Nf5
44.Bd5 Nd6 45.g4 Kg7 46.Ke3 b5 47.axb5 Nxb5 48.Kd3 Nd6 49.b4 cxb4 50.cxb4 Bf6
51.Bc6 Bb2 52.Kc2 Ba3 53.b5 Bc5 54.Kd3 Kf6 55.Ke2 Ba3 56.Kd2 Nf7 57.Bd5 Nd6
58.Bc6 Bc5 59.Kd3 Bg1 60.Ke2 Nf7 61.Bd5 Nd8 62.Kf3 Ne6 63.Bxe6 Kxe6 64.Ke4 Kf6
65.Kd5 Be3 66.Ke4 Bc1 67.Kf3 Ke6 68.Ke4 Bd2 69.Kf3 Kd5 70.g5 hxg5 71.h6 gxf4
72.h7 Bc3 73.Kxf4 Kc5 74.Ke4 Kxb5  0-1

[Event "Bundesliga 2007-8"]
[Site "Katernberg GER"]
[Date "2007.11.25"]
[Round "4"]
[White "Kalinitschew,S"]
[Black "Potkin,V"]
[Result "1/2-1/2"]
[WhiteElo "2489"]
[BlackElo "2612"]

1.Nf3 d5 2.g3 Nf6 3.Bg2 c6 4.O-O Bf5 5.d3 e6 6.Nh4 Bg4 7.h3 Bh5 8.Nd2 Be7
9.Qe1 Nfd7 10.f4 Bxh4 11.gxh4 O-O 12.e4 Re8 13.Qg3 f5  1/2-1/2

[Event "World Cup"]
[Site "Khanty-Mansiysk RUS"]
[Date "2007.11.25"]
[Round "1.2"]
[White "Adly,A"]
[Black "Kamsky,G"]
[Result "0-1"]
[WhiteElo "2494"]
[BlackElo "2714"]

1.Nf3 d5 2.g3 Nf6 3.Bg2 Bf5 4.O-O e6 5.c4 c6 6.b3 Be7 7.Bb2 h6 8.d3 O-O 9.Nbd2 a5
10.Ne5 Bh7 11.Qc2 Na6 12.a3 Qb6 13.Qc3 Rfd8 14.d4 Qc7 15.c5 Nd7 16.Nxd7 Qxd7
17.b4 b6 18.Nf3 Qb7 19.Qd2 axb4 20.axb4 Bf6 21.Rfc1 bxc5 22.bxc5 Nb4 23.Bc3 Rxa1
24.Rxa1 Nc2 25.Rc1 Qb3 26.Ba5 Ra8 27.Bc7 Qb2 28.e3 Ra2 29.Ne5 Bxe5 30.Bxe5 Ra1
31.Rf1 Rxf1+ 32.Bxf1 Qb1 33.f3 Nb4 34.Kg2 Bd3 35.Bxd3 Nxd3 36.g4 f6 37.Bg3 e5
38.dxe5 fxe5 39.Qc3 Qd1 40.Qa3 Qe2+ 41.Kh3 Kh7 42.g5 Qxe3 43.Qa6 Qxf3 44.g6+ Kxg6
45.Qxc6+ Kh5 46.Qe8+ g6 47.Qxe5+ Nxe5 48.c6 Qf1+  0-1

[Event "20th Belgrade Trophy"]
[Site "Belgrade SRB"]
[Date "2007.11.26"]
[Round "5"]
[White "Chelushkina,I"]
[Black "Jevtic,Mir"]
[Result "0-1"]
[WhiteElo "2351"]
[BlackElo "2148"]

1.g3 d5 2.Nf3 Nf6 3.Bg2 g6 4.O-O Bg7 5.d4 O-O 6.a4 a5 7.Ne5 Ng4 8.f4 Nxe5
9.fxe5 f6 10.Nc3 c6 11.exf6 exf6 12.e3 Qe7 13.Bd2 Bh6 14.Qf3 Bf5 15.Qf2 Bxc2
16.Rfe1 f5 17.Ne2 Be4 18.Bf1 Nd7 19.Nf4 Nf6 20.Bc3 Rfe8 21.Qd2 Qc7 22.b4 axb4
23.Bxb4  0-1

[Event "WYg18"]
[Site "Kemer TUR"]
[Date "2007.11.27"]
[Round "10"]
[White "Gomes,Ma"]
[Black "Steil Antoni,F"]
[Result "1-0"]
[WhiteElo "2262"]
[BlackElo "2104"]

1.Nf3 d5 2.g3 Nf6 3.Bg2 e6 4.O-O Be7 5.d3 O-O 6.Nbd2 c5 7.e4 Nc6 8.e5 Nd7
9.Re1 Qc7 10.Qe2 b6 11.Nf1 Bb7 12.Bf4 h6 13.h4 Rfd8 14.N1h2 Nf8 15.h5 Rac8
16.Ng4 Nh7 17.c3 Bg5 18.Bxg5 Nxg5 19.Nxg5 hxg5 20.h6 Ne7 21.Qd2 gxh6 22.Nxh6+ Kg7
23.Qxg5+ Ng6 24.Ng4 Rh8 25.f4 Qe7 26.Qxe7 Nxe7 27.Kf2 Ba6 28.Rad1 Nf5 29.Ne3 Nxe3
30.Kxe3 Rh2 31.Kf2 Rch8 32.d4 c4 33.Rh1 Rxh1 34.Bxh1 Bb5 35.Bg2 Ba4 36.Rd2 a5
37.g4 b5 38.a3 b4 39.axb4 axb4 40.cxb4 Rb8 41.f5 Rxb4 42.Ke3 Rb3+ 43.Kf4 Be8
44.Bf3 Bd7 45.Bd1 Rh3 46.Bf3 Ba4 47.g5 Rh4+ 48.Kg3 Rh8 49.g6 fxg6 50.fxe6 Bc6
51.Bg2 Rb8 52.Rf2 Rb7 53.Kh4 Re7 54.Bh3 Rb7 55.Kg5 Be8 56.Bg2 Rb5 57.e7 Bc6
58.Bh1 Rb3 59.Bxd5  1-0

[Event "USCL Final T/B 2007"]
[Site "ICC INT"]
[Date "2007.11.28"]
[Round "2"]
[White "Stopa,Ja"]
[Black "Williams,C USA"]
[Result "1-0"]
[WhiteElo "2410"]
[BlackElo "2187"]

1.Nf3 d5 2.g3 Nf6 3.Bg2 c6 4.O-O Bg4 5.d3 Nbd7 6.Nbd2 e5 7.e4 Bd6 8.h3 Bh5
9.Qe1 O-O 10.Nh4 Bg6 11.a4 Qc7 12.Qe2 h6 13.Nxg6 fxg6 14.c3 Kh8 15.h4 Nc5
16.Rd1 Rad8 17.a5 Ne6 18.Nf1 a6 19.Bh3 Nc5 20.Nd2 Rde8 21.Bg2 Ne6 22.Nf1 Bc5
23.Be3 d4 24.Bd2 Nh5 25.c4 Qd8 26.Nh2 Be7 27.Qg4 Rf6 28.b4 Ref8 29.Rf1 Kh7
30.Rab1 Nhf4 31.gxf4 Nxf4 32.Rb3 h5 33.Qd1 Qd7 34.Nf3 Nxg2 35.Ng5+ Kh8 36.Kxg2 Rf3
37.Qxf3 Rxf3 38.Nxf3 Qg4+ 39.Kh2 Qxf3 40.Rg1 Qxf2+ 41.Rg2 Qxh4+ 42.Kg1 g5
43.Rb1 g4 44.Rf1 Bg5 45.Bxg5 Qxg5 46.Rf5 Qe3+ 47.Kh1 Qxd3 48.Rxh5+ Kg8 49.Rg5 Qxe4
50.Rxg4 Qh7+ 51.Kg1 d3 52.Kf2 e4 53.Ke3 d2 54.Kxd2 Qh6+ 55.Ke2 Qh5 56.Ke3 Qh3+
57.Kxe4 Qh7+ 58.Ke5 Qh5+ 59.Kd6 Qf5 60.Rxg7+ Kf8 61.Rg8+ Kf7 62.R2g7+ Kf6
63.Rf8+  1-0

[Event "WYg18"]
[Site "Kemer TUR"]
[Date "2007.11.28"]
[Round "11"]
[White "Bogdan,El"]
[Black "Middelveld,M"]
[Result "0-1"]
[WhiteElo "1861"]
[BlackElo "2009"]

1.Nf3 d5 2.g3 c5 3.Bg2 Nc6 4.d3 e6 5.O-O g6 6.Nbd2 Bg7 7.e4 Nge7 8.Nh4 O-O
9.f4 b6 10.c3 Ba6 11.Rf3 Qc7 12.f5 Bf6 13.fxe6 fxe6 14.Bh3 Qd6 15.exd5 exd5
16.Qe2 Ne5 17.Re3 N7c6 18.Ndf3 d4 19.Nxe5 Nxe5 20.cxd4 cxd4 21.Rf3 Nxf3+
22.Nxf3 Rae8 23.Qc2 Qd5 24.Bg2 Qf5 25.Bh6 Rf7 26.Rd1 Rfe7 27.Qb3+ Kh8 28.Bf4 Bb7
29.Rf1 Qd5 30.Qa4 Bc6 31.Qc2 Re2 32.Qb1 g5  0-1

[Event "67th ch-ITA"]
[Site "Martina Franca ITA"]
[Date "2007.11.28"]
[Round "6"]
[White "Genocchio,D"]
[Black "Borgo,G"]
[Result "1/2-1/2"]
[WhiteElo "2433"]
[BlackElo "2440"]

1.g3 d5 2.Nf3 g6 3.Bg2 Bg7 4.d3 Nf6 5.O-O O-O 6.Nc3 d4 7.Na4 Nc6 8.c3 e5
9.a3 Rb8 10.cxd4 exd4 11.Qc2 Be6 12.Bf4 Bd5 13.Rac1 h6 14.b4 a6 15.Nc5 g5
16.Bd2 Re8 17.e4 dxe3 18.fxe3 Nd7 19.e4 Nd4 20.Nxd4 Bxd4+ 21.Kh1 Bc6 22.Nxa6 Ra8
23.Nxc7 Qxc7 24.b5 Ne5 25.bxc6 bxc6 26.Bc3 Qd6 27.Bxd4 Qxd4 28.Qc3 Red8 29.Qxd4 Rxd4
30.Rc5 Re8 31.Rf5 Rxd3 32.Bf1 Rd1 33.h3 Kg7 34.Rfxe5 Rxe5 35.Rxe5 Rxf1+ 36.Kg2 Rc1
37.a4 Rc2+ 38.Kf3 Rc3+ 39.Kf2 Rc4 40.a5 Kf6 41.Re8 Ra4 42.Rc8 Ke5 43.Rxc6 Kxe4
44.Rf6 Ra2+ 45.Kg1 Rxa5 46.Rxf7 Ra1+ 47.Kg2 Ra2+ 48.Kg1 Ra1+  1/2-1/2

[Event "20th Belgrade Trophy"]
[Site "Belgrade SRB"]
[Date "2007.11.29"]
[Round "8"]
[White "Chelushkina,I"]
[Black "Vuckovic,Br"]
[Result "1-0"]
[WhiteElo "2351"]
[BlackElo "2214"]

1.g3 d5 2.Nf3 c6 3.Bg2 Nd7 4.d4 e6 5.O-O Bd6 6.e4 dxe4 7.Ng5 Ngf6 8.Nc3 Be7
9.Ngxe4 Nd5 10.Ne2 N7f6 11.Nd2 O-O 12.c4 Nb6 13.Qc2 Qc7 14.a4 a5 15.Nb3 e5
16.Bd2 Bb4 17.Bxb4 axb4 18.a5 Nbd7 19.Rfd1 Re8 20.Qd2 exd4 21.Nexd4 Ne4 22.Qxb4 Qe5
23.Bxe4 c5 24.Nxc5 Nxc5 25.Bd5 Ne6 26.Nxe6 fxe6 27.Re1 Qc7  1-0

[Event "Four Nations Jr Teams"]
[Site "Oslo NOR"]
[Date "2007.12.01"]
[Round "2"]
[White "Zickus,S"]
[Black "Kvisla,J"]
[Result "1-0"]
[WhiteElo "2253"]
[BlackElo "2124"]

1.Nf3 d5 2.g3 Nf6 3.Bg2 c5 4.O-O Nc6 5.d4 e6 6.c4 Be7 7.cxd5 exd5 8.Nc3 O-O
9.dxc5 Bxc5 10.b3 d4 11.Na4 Bb6 12.Bb2 Bg4 13.h3 Bh5 14.Nxb6 Qxb6 15.g4 Bg6
16.Bxd4 Nxd4 17.Qxd4 Qa6 18.e3 Rfd8 19.Qb2 Rac8 20.Rac1 h6 21.Nd4 Be4 22.Bxe4 Rxc1
23.Rxc1 Nxe4 24.Nf5 Qf6 25.Qxf6 Nxf6 26.Nd4 Nd5 27.Kg2 g6 28.Kf3 Rd7 29.Rd1 Nc3
30.Rd2 Re7 31.Rc2 Nd5 32.Nb5 a6 33.Nd6 Nb6 34.e4 Kg7 35.Rc7 Rxc7 36.Ne8+ Kf8
37.Nxc7 Nd7 38.Nd5 Ke8 39.Kf4 Nc5 40.h4 Nd3+ 41.Ke3 Ne1 42.Nf4 Nc2+ 43.Kd2 Nd4
44.h5 gxh5 45.Nxh5 Ke7 46.Kd3 Nf3 47.Ke3 Ne5 48.f3 Nc6 49.Nf4 Kd6 50.Nd3 f6
51.f4 b6 52.a3 Na5 53.Nc1 Nc6 54.Ne2 Na5 55.Nd4 Ke7 56.Kd3 Kf7 57.b4 Nb7
58.Nf5  1-0

[Event "Open"]
[Site "Rijeka CRO"]
[Date "2007.12.01"]
[Round "8"]
[White "Cvitan,O"]
[Black "Sudakova,I"]
[Result "1/2-1/2"]
[WhiteElo "2543"]
[BlackElo "2326"]

1.Nf3 d5 2.g3 Nf6 3.Bg2 c6 4.O-O Bg4 5.d4 Nbd7 6.Nbd2 e6 7.Re1 Be7 8.c3 O-O
9.e4 dxe4 10.Nxe4 c5 11.Nxf6+  1/2-1/2

[Event "Parsvnath ch-Commonwealth"]
[Site "New Delhi IND"]
[Date "2007.12.03"]
[Round "2"]
[White "Anand Reddy,K"]
[Black "Pallavi,D"]
[Result "1-0"]
[WhiteElo "2035"]
[BlackElo "1836"]

1.Nf3 d5 2.g3 Nf6 3.Bg2 e6 4.d3 Be7 5.O-O O-O 6.Nbd2 c5 7.e4 Nc6 8.e5 Nd7
9.Re1 Qc7 10.Qe2 f6 11.exf6 Nxf6 12.c3 Bd6 13.Nf1 Bd7 14.Ng5 Rae8 15.Ne3 h6
16.Nh3 Ne7 17.Bd2 e5 18.Rf1 d4 19.Nc4 Nc6 20.f3 b5 21.Nxd6 Qxd6 22.Nf2 Be6
23.Rfc1 c4 24.a4 cxd3 25.Qxd3 Bc4 26.Qc2 d3 27.Qd1 bxa4 28.Qxa4 Be6 29.b4 Bd7
30.Qa6 Qc7 31.Qxd3 Rd8 32.Qc4+ Rf7 33.b5 Be8 34.Be3 Nb8 35.Qxc7 Rxc7 36.Rxa7 Rxa7
37.Bxa7 Bxb5 38.Rb1 Nc6 39.Bb6 Rb8 40.Rxb5 Nd7 41.f4 Ne7 42.Bh3 Rxb6 43.Bxd7 Rd6
44.Rb8+ Kh7 45.Ba4 exf4 46.Bc2+ g6 47.Rb7 Re6 48.gxf4 Kh8 49.Ng4 Kg7 50.c4 h5
51.Ne5 Kf6 52.Nd7+ Kf7 53.c5 Ke8 54.Ne5 Kd8 55.Bb3 Rf6 56.Nf7+ Ke8 57.Rxe7+ Kxe7
58.Ne5  1-0

[Event "Parsvnath ch-Commonwealth"]
[Site "New Delhi IND"]
[Date "2007.12.03"]
[Round "2"]
[White "Sangma,R"]
[Black "Abhishek,K"]
[Result "1-0"]
[WhiteElo "2318"]
[BlackElo "2123"]

1.Nf3 d5 2.g3 c6 3.b3 Bg4 4.Bg2 Nd7 5.Bb2 Ngf6 6.c4 e6 7.O-O Bd6 8.d3 h5
9.Nbd2 h4 10.gxh4 e5 11.h3 e4 12.dxe4 dxe4 13.hxg4 exf3 14.Nxf3 Qc7 15.g5 Ng4
16.Qd4 Bh2+ 17.Kh1 Nde5 18.Bh3 Nxf3 19.Qxg4 Nxh4 20.Bxg7 Rh7 21.Qe4+  1-0

[Event "Open"]
[Site "Ascona SUI"]
[Date "2007.12.04"]
[Round "2"]
[White "Belezky,A"]
[Black "Stankovic,Ze"]
[Result "1/2-1/2"]
[WhiteElo "2436"]
[BlackElo "2228"]

1.Nf3 d5 2.g3 Nc6 3.Bg2 e5 4.d3 Nf6 5.O-O Be7 6.a3 O-O 7.b4 a6 8.Bb2 Bd6
9.Nbd2 Re8 10.e4 h6 11.h3 Be6 12.c4 d4 13.c5 Bf8 14.Qc2 Qd7 15.Kh2 Nh7 16.Nc4 f6
17.Nfd2 Ng5 18.f4 exf4 19.gxf4 Nf7 20.Nb3 Red8 21.Rad1 Rab8 22.f5 Bxc4 23.Qxc4 Kh8
24.Bc1 Nfe5 25.Qc2 b6 26.Bf4 bxc5 27.Nxc5 Bxc5 28.Qxc5 Rb5 29.Qc1 Kh7 30.Bf3 a5
31.bxa5 Rxa5 32.Bh5 Rda8 33.Rg1 Rxa3 34.Rg3 Rc3 35.Qb1 Rb8 36.Qa1 Nb4 37.Bxe5 fxe5
38.Qa5 Rc2+ 39.Kh1 Nc6 40.Qd5 Qxd5 41.exd5 Ne7 42.Re1 Nxd5 43.Reg1 g5 44.fxg6+ Kg7
45.Re1 Ne3 46.Rf3 Rbb2 47.Rf7+ Kg8 48.Bf3 Rh2+ 49.Kg1 Rxh3 50.Ra1 Rg3+ 51.Kh1 Rxg6
52.Rxc7 Rf6 53.Rg1+ Kf8 54.Rc8+ Kf7 55.Rc7+ Kf8 56.Rc8+ Kf7 57.Rc7+ Kf8  1/2-1/2

[Event "Open"]
[Site "Granada ESP"]
[Date "2007.12.06"]
[Round "3"]
[White "Movsziszian,K"]
[Black "Rojas,L"]
[Result "1-0"]
[WhiteElo "2531"]
[BlackElo "2414"]

1.Nf3 d5 2.g3 c6 3.Bg2 Bg4 4.O-O Nd7 5.d3 Ngf6 6.Nbd2 e6 7.b3 Bc5 8.Bb2 Qe7
9.a3 O-O 10.e4 a5 11.h3 Bh5 12.Qe1 Ne8 13.Kh1 dxe4 14.dxe4 a4 15.b4 Bd6 16.c4 c5
17.e5 Bc7 18.b5 Ba5 19.Qe3 Nb6 20.Rac1 Rc8 21.Ne4 h6 22.Nh2 Bg6 23.f4 f5
24.exf6 Nxf6 25.Nxf6+ gxf6 26.f5 Bh7 27.fxe6 Rcd8 28.Rf2 h5 29.Bxf6  1-0

[Event "Parsvnath ch-Commonwealth"]
[Site "New Delhi IND"]
[Date "2007.12.07"]
[Round "7"]
[White "Gomes,Ma"]
[Black "Roy Chowdhury,S"]
[Result "1-0"]
[WhiteElo "2262"]
[BlackElo "2418"]

1.Nf3 d5 2.g3 c6 3.Bg2 Nf6 4.O-O Bg4 5.c4 e6 6.b3 Nbd7 7.Bb2 a5 8.d3 Be7
9.Nbd2 O-O 10.Qc2 Qb8 11.e4 dxe4 12.dxe4 e5 13.h3 Bh5 14.Nh4 Re8 15.Nf5 Bf8
16.Rfe1 Qc7 17.Nf1 Nc5 18.g4 Bg6 19.N1g3 Ne6 20.a3 Nd7 21.Rad1 Ndc5 22.Bc3 b6
23.h4 f6 24.Ne3 Bf7 25.Bf1 Nd4 26.Bxd4 exd4 27.Nef5 Ne6 28.Nxd4 Nxd4 29.Rxd4 Bxa3
30.Nf5 Qf4 31.e5  1-0

[Event "Parsvnath ch-Commonwealth"]
[Site "New Delhi IND"]
[Date "2007.12.07"]
[Round "7"]
[White "Anand Reddy,K"]
[Black "Akshat,A2"]
[Result "1-0"]
[WhiteElo "2035"]
[BlackElo "1847"]

1.Nf3 d5 2.g3 c5 3.Bg2 e6 4.d3 Nc6 5.O-O Bd6 6.Nbd2 Nge7 7.e4 O-O 8.Re1 Qc7
9.Qe2 Ng6 10.c3 Bd7 11.h4 d4 12.h5 Nge5 13.cxd4 cxd4 14.Nxe5 Nxe5 15.f4 Nc6
16.e5 Be7 17.a3 f6 18.exf6 Bxf6 19.Nf3 Rae8 20.b4 e5 21.b5 exf4 22.Qa2+ Kh8
23.bxc6 Rxe1+ 24.Nxe1 Bxc6 25.Bxc6 bxc6 26.Bxf4 Be5 27.Ng2 Bxf4 28.Nxf4 Qe5
29.Qf2 Qf6 30.Rf1 Re8 31.Ng2 Qd6 32.Qf7 Rd8 33.h6 gxh6 34.Qf6+ Qxf6 35.Rxf6  1-0

[Event "Parsvnath ch-Commonwealth"]
[Site "New Delhi IND"]
[Date "2007.12.08"]
[Round "8"]
[White "Venkatesh,M"]
[Black "Debashis,D"]
[Result "1-0"]
[WhiteElo "2451"]
[BlackElo "2286"]

1.Nf3 d5 2.g3 Nf6 3.Bg2 e6 4.d3 b6 5.O-O Bb7 6.b3 Be7 7.Bb2 O-O 8.Nbd2 Nbd7
9.Re1 c5 10.e4 d4 11.c3 e5 12.Nc4 Qb8 13.a4 Re8 14.Rb1 Ba6 15.Nh4 Bb7 16.Nf5 Bf8
17.Qd2 g6 18.Qg5 Nh5 19.Nh6+ Kg7 20.Ng4 f6 21.Qd2 a5 22.Rf1 Ba6 23.f4 Ra7
24.Rf3 Bxc4 25.bxc4 Kg8 26.Rbf1 Bg7 27.h4 Qd6 28.f5 Nb8 29.cxd4 cxd4 30.Kh2 Na6
31.Bh3 Nc5 32.Ba3 Qc6 33.Nh6+ Kh8 34.fxg6 hxg6 35.Nf5 Bf8 36.Bxc5 bxc5 37.Bg4 Rh7
38.Bxh5 Rxh5 39.Nxd4 exd4 40.Rxf6 Qc8 41.Rxg6 Bg7 42.Rf7 Rh7 43.Rgxg7  1-0

[Event "ch-Marshall CC"]
[Site "New York USA"]
[Date "2007.12.08"]
[Round "2"]
[White "Gaillard,E"]
[Black "Kopiecki,E"]
[Result "1-0"]
[WhiteElo "2160"]
[BlackElo "2147"]

1.Nf3 d5 2.g3 Nc6 3.d4 Bf5 4.Bg2 Qd7 5.O-O Bh3 6.c4 O-O-O 7.cxd5 Bxg2 8.dxc6 Qxc6
9.Kxg2 e5 10.Qb3 exd4 11.Bf4 Bd6 12.Rc1 Qe8 13.Bxd6 Rxd6 14.Qb4 Kb8 15.Nbd2 Nf6
16.Qc5 Qd8 17.Rc4 Rd5 18.Qb4 a5 19.Qa3 Re8 20.Qd3 c5 21.Rac1 Qb6 22.Nb3 Ne4
23.Nfd2 f5 24.f3 Nxd2 25.Qxd2 Rde5 26.Re1 Qb5 27.Qc2 b6 28.Nc1 Re3 29.Kf2 f4
30.Nd3 fxg3+ 31.hxg3 g5 32.Qa4 Qa6 33.Rc2 g4 34.Qc6 gxf3 35.Nxc5 Rxe2+ 36.Rcxe2 Rxe2+
37.Kxf3 Re3+ 38.Rxe3 Qf1+ 39.Kg4 h5+ 40.Kg5 Qf7 41.Re8+  1-0

[Event "TCh-HUN 2007-8"]
[Site "Budapest HUN"]
[Date "2007.12.09"]
[Round "4"]
[White "Ruck,R1"]
[Black "Kovacs,Ga2"]
[Result "1/2-1/2"]
[WhiteElo "2561"]
[BlackElo "2499"]

1.Nf3 d5 2.g3 e6 3.Bg2 Nf6 4.O-O Be7 5.c4 O-O 6.b3 b6 7.Bb2 Bb7 8.cxd5 Nxd5
9.d4 Nd7 10.Nc3 Nxc3 11.Bxc3 Nf6 12.Bb2 c5 13.Rc1  1/2-1/2

[Event "Bundesliga 2007-8"]
[Site "Eppingen GER"]
[Date "2007.12.09"]
[Round "6"]
[White "Schebler,G"]
[Black "Hertneck,G"]
[Result "1/2-1/2"]
[WhiteElo "2458"]
[BlackElo "2508"]

1.Nf3 d5 2.g3 c6 3.Bg2 Bg4 4.c4 e6 5.O-O Nd7 6.cxd5 exd5 7.d3 Ngf6 8.Qc2 Be7
9.h3 Bxf3 10.Bxf3 O-O 11.e4 Ne5 12.Be2 c5 13.Be3 Nc6 14.Nd2 Rc8 15.Qa4 Nd7
16.f4 Nb6 17.Qd1 dxe4 18.dxe4 Nd4 19.Nf3 Nxe2+ 20.Qxe2 Qd7 21.Kh2 Rfd8 22.Bf2 Qd3
23.Rfe1 Na4 24.Rad1 Qxe2 25.Rxd8+ Bxd8 26.Rxe2 Bb6 27.Rc2 c4 28.Kg2 Bxf2
29.Kxf2 b5 30.b3 Nb6 31.bxc4 bxc4 32.Ke3 f6 33.Nd2 c3 34.Nb1 Na4 35.Kd4 Rd8+
36.Ke3 Rc8 37.Kd4 Rd8+ 38.Kc4  1/2-1/2

[Event "Open"]
[Site "Granada ESP"]
[Date "2007.12.09"]
[Round "8"]
[White "Movsziszian,K"]
[Black "Korneev,O"]
[Result "1/2-1/2"]
[WhiteElo "2531"]
[BlackElo "2587"]

1.Nf3 d5 2.g3 Nf6 3.Bg2 Bf5 4.O-O e6 5.d3 Be7 6.Nfd2 h6 7.e4 Bh7 8.Qe2 O-O
9.f4 c5 10.g4 Nc6 11.c3 c4 12.dxc4 dxe4 13.Nxe4 Nxe4 14.Bxe4 Bc5+ 15.Kh1 Bxe4+
16.Qxe4 Qh4 17.b4 Be7 18.Qg2 Qf6 19.a3 Rad8 20.Ra2 Qg6 21.Be3 Qd3 22.Qe2 Qe4+
23.Kg1 Rd3 24.Bc1 Qxc4 25.Rd2 Rfd8 26.Rf3 Ne5 27.Rfxd3 Nxd3 28.Rd1 Rd5 29.Rf1 Bf6
30.Be3 Bxc3 31.Rc1 Qb3 32.Rxc3 Qxb1+ 33.Qf1 Qxf1+ 34.Kxf1 g5 35.fxg5 hxg5
36.Rc7 b5 37.Rxa7 Ne5 38.h3 Nc4 39.Bc5 Rd1+ 40.Kg2 Rd2+ 41.Kg1 Rd1+ 42.Kg2 Rd2+
43.Kg1 Ra2 44.Be7 Ne5 45.Kf1 Nf3 46.Ra5 Rd2 47.Rxb5 Nh2+  1/2-1/2

[Event "Parsvnath ch-Commonwealth"]
[Site "New Delhi IND"]
[Date "2007.12.09"]
[Round "9"]
[White "Gomes,Ma"]
[Black "Islam,Kh"]
[Result "1/2-1/2"]
[WhiteElo "2262"]
[BlackElo "2390"]

1.Nf3 d5 2.g3 c6 3.Bg2 Nf6 4.O-O Bf5 5.d3 h6 6.Nbd2 e6 7.Qe1 Bh7 8.e4 Be7
9.Ne5 a5 10.f4 Na6 11.c3 Nc5 12.Qe2 Qb6 13.Kh1 dxe4 14.dxe4 Qa6 15.c4 Nfd7
16.Nxd7 Nxd7 17.f5 e5 18.Nf3 Bc5 19.Rd1 O-O-O 20.b3 f6 21.a3 Bg8 22.Bf1 Bf7
23.Bd2 Bh5 24.h3 a4 25.g4 Bf7 26.b4 Be7 27.Be3 c5 28.b5 Qa5 29.Bd2 Qa8 30.h4 Nb6
31.Rac1 Rd7 32.Be3 Rxd1 33.Qxd1 Kc7 34.Qe1 g5 35.h5 Rd8 36.Qf2 Nd7 37.Nd2 Qa5
38.Nb1 Rc8 39.Rd1 Kd8 40.Qc2 Ke8 41.Nc3 Nb6 42.Nd5 Nxd5 43.exd5 Bd6 44.Bd2 Qa7
45.Bc3 Ra8 46.Bd3 b6 47.Re1 Kf8 48.Re4 Kg7  1/2-1/2

[Event "Parsvnath ch-Commonwealth"]
[Site "New Delhi IND"]
[Date "2007.12.09"]
[Round "9"]
[White "Khalid,Am"]
[Black "Abhilash,R"]
[Result "0-1"]
[WhiteElo "1950"]
[BlackElo "2069"]

1.Nf3 d5 2.g3 Nf6 3.Bg2 g6 4.O-O Bg7 5.d4 O-O 6.Re1 c5 7.Nc3 cxd4 8.Nb5 Nc6
9.Bf4 Nh5 10.Nbxd4 Nxd4 11.Nxd4 e5 12.Be3 exd4 13.Bxd4 Bxd4 14.Qxd4 Qf6 15.Qxd5 Qxb2
16.Rab1 Qc3 17.Red1 Qc7 18.Qd4 Ng7 19.Qf6 Rb8 20.Rd4 Qxc2 21.Rbd1 Qf5 22.Qd6 Be6
23.e4 Qa5 24.Qe7 Rfe8 25.Qf6 Qb6 26.Rd6 Qc7 27.f4 Rec8 28.R6d4 Qc5 29.Kh1 Bg4
30.Rd5 Qc6 31.Rd6 Ne8 32.Rxc6 Nxf6 33.Rxc8+ Rxc8 34.Rb1 b5 35.h3 Bd7 36.e5 Nh5
37.Rb3 Rc2 38.a3 a6 39.Rd3 Bc6 40.Bxc6 Rxc6 41.Kg2 Kg7 42.Kf3 Rc4 43.Kg4 h6
44.h4 a5  0-1

[Event "Chigorin Mem A"]
[Site "St Petersburg RUS"]
[Date "2007.12.09"]
[Round "9"]
[White "Mihajlovskij,S"]
[Black "Romanov,E"]
[Result "1/2-1/2"]
[WhiteElo "2480"]
[BlackElo "2515"]

1.Nf3 d5 2.g3 c6 3.Bg2 Nf6 4.c4 dxc4 5.Na3 e5 6.Qc2 Bxa3 7.bxa3 Qd5 8.Bb2 Nbd7
9.O-O e4 10.Nd4 O-O 11.f3 exf3 12.Rxf3 Qc5 13.Rf5 Qb6 14.Raf1 Ne8 15.e3 Nc5
16.Rh5 h6 17.Nxc6 bxc6 18.Bd4 f5 19.Qxc4+ Be6 20.Qxc5 Qxc5 21.Bxc5 Rf7 22.Rh4 Nf6
23.Rd4 Nd5 24.Rb1 g5 25.Ra4 f4 26.e4 Nf6 27.gxf4 gxf4 28.Bf3 Bxa2 29.Rb2 Be6
30.Ra6 Kh7 31.Rxc6 Rg8+ 32.Kf2 Ng4+ 33.Bxg4 Bxg4 34.Ra6 Bd7 35.Rxa7 f3 36.Rbb7 Rg2+
37.Ke1 Re2+ 38.Kd1 Ba4+ 39.Kc1 Rxb7 40.Rxb7+ Kg6 41.Rb6+ Kg5 42.h4+ Kxh4
43.Rxh6+ Kg5 44.Re6 f2 45.Bxf2 Rxf2 46.Ra6 Bd7 47.Rd6 Be8 48.Kc2 Bg6 49.Rd4 Re2
50.Kd1  1/2-1/2

[Event "Chigorin Mem A"]
[Site "St Petersburg RUS"]
[Date "2007.12.09"]
[Round "9"]
[White "Movsesian,S"]
[Black "Alavkin,A"]
[Result "1-0"]
[WhiteElo "2670"]
[BlackElo "2442"]

1.Nf3 d5 2.g3 Nf6 3.Bg2 c6 4.O-O Bg4 5.d3 Nbd7 6.h3 Bh5 7.Qe1 e5 8.e4 dxe4
9.dxe4 a5 10.a4 Bc5 11.Nbd2 O-O 12.Nc4 Qc7 13.Bd2 b6 14.Nh4 Rfe8 15.Kh1 Bg6
16.Bg5 b5 17.Nxg6 hxg6 18.axb5 cxb5 19.Nxa5 Bb6 20.b4 Qxc2 21.Rc1 Qb2 22.Bd2 Bd4
23.Qd1 Nb6 24.Rc2 Qa3 25.Qb1 Qd3 26.Rd1 Nxe4 27.Be1 Nxg3+ 28.fxg3 Qf5 29.Rc7 Qf6
30.Bc3 Rac8 31.Rxc8 Rxc8 32.Bxd4 exd4 33.Qe4 Rd8 34.Nc6 Rd6 35.Qe8+ Kh7 36.Ne7  1-0

[Event "UTD GM Invitational"]
[Site "Richardson USA"]
[Date "2007.12.10"]
[Round "6"]
[White "Izoria,Z"]
[Black "Schneider,Dm"]
[Result "0-1"]
[WhiteElo "2643"]
[BlackElo "2502"]

1.Nf3 d5 2.g3 c6 3.Bg2 Nf6 4.O-O Bf5 5.c4 e6 6.cxd5 exd5 7.d3 Nbd7 8.Nc3 Be7
9.Qc2 O-O 10.e4 Bg6 11.Nh4 Nc5 12.Nxg6 hxg6 13.e5 Nfd7 14.d4 Ne6 15.Be3 Nb6
16.f4 Nc4 17.Bf2 f5 18.exf6 Rxf6 19.Rfe1 Bb4 20.Re2 Bxc3 21.Qxc3 Nd6 22.Rae1 Kf7
23.h4 Qd7 24.Re5 Re8 25.b3 Kg8 26.Qd3 Qf7 27.Qe2 Nc7 28.a4 Kf8 29.Qd2 Kg8
30.Qa5 Na6 31.Bf1 Rfe6 32.Bd3 Qd7 33.R1e2 Nf7 34.Rxe6 Rxe6 35.Rxe6 Qxe6 36.b4 Qe7
37.Bxa6 b6  0-1

[Event "ch-Central Serbia"]
[Site "Vrnjacka Banja SRB"]
[Date "2007.12.11"]
[Round "3"]
[White "Chelushkina,I"]
[Black "Tasic,Z"]
[Result "1-0"]
[WhiteElo "2351"]
[BlackElo "2178"]

1.g3 d5 2.Nf3 Nf6 3.Bg2 Bf5 4.O-O e6 5.d3 h6 6.Nbd2 Bc5 7.c3 O-O 8.b4 Be7
9.Bb2 Bh7 10.Qb3 Nc6 11.a4 Nd7 12.a5 a6 13.Rfd1 Na7 14.c4 c6 15.e4 Nf6 16.Bd4 Qb8
17.Re1 dxe4 18.Nxe4 Rd8 19.Rad1 Nd7 20.Qb2 f6 21.Be3 Bg6 22.h3 Nc8 23.Nd4 Bf7
24.Ne2 Nd6 25.Nxd6 Qxd6 26.c5 Qc7 27.d4 Nf8 28.Nc3 Re8 29.Bf4 Qd8 30.Ne4 Ng6
31.Bd6 Qd7 32.Bxe7 Nxe7 33.Nd6 Red8 34.h4 Kf8 35.Bh3 Bg8 36.Qe2 Nc8 37.Nc4 Re8
38.Bg2 Ne7 39.Nd6 Nd5 40.Bxd5 cxd5 41.Nxe8 Rxe8 42.b5 axb5 43.Rb1 Bh7 44.Qxb5 Qxb5
45.Rxb5 Re7 46.f4 Bd3 47.Rb6 Kf7 48.Re3 Be4 49.h5 f5 50.Kf2 Kf6 51.Re1 g6
52.hxg6 Kxg6 53.Re2 h5 54.Reb2 h4 55.gxh4 Kh5 56.Rxb7 Rxb7 57.Rxb7  1-0

[Event "ch-RSA"]
[Site "Milnerton RSA"]
[Date "2007.12.14"]
[Round "1"]
[White "Gluckman,D"]
[Black "Ophoff,J"]
[Result "0-1"]
[WhiteElo "2306"]
[BlackElo "2260"]

1.Nf3 d5 2.g3 Nf6 3.Bg2 c6 4.O-O Bg4 5.c4 e6 6.d3 Be7 7.h3 Bh5 8.g4 Bg6 9.cxd5 exd5
10.Ne5 Nbd7 11.Nxg6 hxg6 12.e4 dxe4 13.dxe4 Qc7 14.Nc3 Rd8 15.Qe2 Nc5 16.e5 Nfd7
17.f4 O-O 18.Be3 g5 19.fxg5 Qxe5 20.Rf5 Qe6 21.b4 Na6 22.b5 Nb4 23.a3 Nc2
24.Qxc2 Qxe3+ 25.Kh1 g6 26.Rff1 Qxg5 27.bxc6 bxc6 28.Ne4 Qh4 29.Qxc6 Ne5
30.Qc7 Nxg4 31.Rf4 f5 32.Qc4+ Kh8 33.Raf1 Qh6 34.Qe6 Rde8 35.Nd6 Bxd6 36.Qxd6 Nf6
37.Qc7 Qg7 38.Rh4+ Nh5 39.Qxg7+ Kxg7 40.Rb1 Rf7 41.Rhb4 Re3 42.a4 Kf6 43.Kg1 Rfe7
44.Bf1 Ng3 45.R1b3 Nxf1 46.Kxf1 Re1+ 47.Kf2 R7e2+ 48.Kf3 Rh2 49.Rh4 Kg5 50.Rh7 Reh1
51.Rbb7 Rxh3+ 52.Rxh3 Rxh3+ 53.Kg2 Ra3 54.Rxa7 Kg4 55.a5 Ra2+ 56.Kf1 Kf3
57.Ke1 g5 58.a6 g4 59.Rf7 f4 60.a7 g3 61.Rb7 Ra1+ 62.Kd2 g2  0-1